000 00947nam a22002537a 4500
005 20170124102932.0
010 _aA-812162
020 _c150.00
_a8185469939
035 _aA-812162
037 _bCen Lib/Ret
040 _aDPL
_bHN
082 _a821.8
_bविजय
100 _aविजय कुमार
_97558
245 _aकविता की संगत /
_cविजय कुमार
246 _aKavita ki snagat /
_bby Vijya Kumar
260 _aहरियाणा
_bआधार प्रकाशन
_c1995
270 _a३७२ सेक्टर-17, पंचकुला
_bहरियाणा
_e134109
300 _a208पृ.
_c21सेमी (सजिल्द)
650 _aहिन्दी साहित्य
_945513
650 _aकविताएं
_945514
650 _aHindi literature
_945515
650 _aPoems
_945516
942 _2ddc
_cHN
_h821.8
_mविजय
999 _c112021
_d112021